[Event "Creon op 17th"]
[Site "Creon"]
[Date "2012.08.03"]
[Round "7"]
[White "Maupin, Jean Paul"]
[Black "Prevot, Rodolphe"]
[Result "1-0"]
[WhiteElo "2101"]
[BlackElo "1917"]
[PlyCount "21"]
[EventDate "2012.07.30"]
[EventType "swiss"]
[EventRounds "9"]
[EventCountry "FRA"]
[SourceTitle "CBM 149 Extra"]
[Source "ChessBase"]
[SourceDate "2012.08.24"]
[SourceVersion "1"]
[SourceVersionDate "2012.08.24"]
[SourceQuality "1"]

1. e4 c5 2. Nf3 e6 3. d4 cxd4 4. Nxd4 Nc6 5. Be2 a6 6. 0-0 Nf6 7. Nxc6 bxc6 8. e5 Nd5 9. c4 Nb6 10. Be3 d5 11. exd6 1-0

[Event "Avoine op 26th"]
[Site "Avoine"]
[Date "2011.07.28"]
[Round "6"]
[White "Maillard, Julien"]
[Black "Maupin, Jean Paul"]
[Result "0-1"]
[WhiteElo "1902"]
[BlackElo "2095"]
[PlyCount "80"]
[EventDate "2011.07.23"]
[EventType "swiss"]
[EventRounds "9"]
[EventCountry "FRA"]
[SourceTitle "EXT 2012"]
[Source "ChessBase"]
[SourceDate "2011.11.24"]
[SourceVersion "1"]
[SourceVersionDate "2011.11.24"]
[SourceQuality "1"]

1. e4 c6 2. d4 d5 3. e5 Bf5 4. c4 e6 5. Nc3 Nd7 6. Nf3 h6 7. a3 dxc4 8. Bxc4 Ne7 9. 0-0 Nb6 10. Be2 Qd7 11. Nh4 Rd8 12. Be3 Bh7 13. Qb3 Ned5 14. Rad1 Be7 15. Nf3 0-0 16. Bd3 Bxd3 17. Rxd3 Nxc3 18. Rxc3 Nd5 19. Rc2 Kh8 20. Ne1 f5 21. exf6 Rxf6 22. Nf3 Bd6 23. Ne5 Qc7 24. f4 Rdf8 25. Rcf2 Nxe3 26. Qxe3 c5 27. Qe4 Kg8 28. d5 Bxe5 29. fxe5 Rxf2 30. Rxf2 Rxf2 31. Kxf2 Qf7+ 32. Ke3 exd5 33. e6 dxe4 34. exf7+ Kxf7 35. Kxe4 Ke6 36. a4 b6 37. g4 a6 38. b3 g6 39. h4 b5 40. a5 Kd6 0-1

[Event "Avoine op 26th"]
[Site "Avoine"]
[Date "2011.07.23"]
[Round "1"]
[White "Maupin, Jean Paul"]
[Black "Hallay, Axel"]
[Result "1/2-1/2"]
[WhiteElo "2095"]
[BlackElo "1927"]
[PlyCount "112"]
[EventDate "2011.07.23"]
[EventType "swiss"]
[EventRounds "9"]
[EventCountry "FRA"]
[SourceTitle "EXT 2012"]
[Source "ChessBase"]
[SourceDate "2011.11.24"]
[SourceVersion "1"]
[SourceVersionDate "2011.11.24"]
[SourceQuality "1"]

1. e4 c5 2. Nf3 Nc6 3. d4 cxd4 4. Nxd4 Nf6 5. Nc3 e5 6. Ndb5 d6 7. Bg5 a6 8. Na3 b5 9. Nd5 Be7 10. Bxf6 Bxf6 11. c3 Bg5 12. Nc2 0-0 13. a4 bxa4 14. Rxa4 a5 15. Bc4 Rb8 16. b3 Kh8 17. Nce3 Bxe3 18. Nxe3 Ne7 19. 0-0 f5 20. exf5 Bxf5 21. Nxf5 Rxf5 22. Bd3 Rf6 23. Qc2 g6 24. Rfa1 Nc6 25. Rd1 Qb6 26. Be4 Rbf8 27. Rd2 Ne7 28. c4 Nf5 29. Bxf5 Rxf5 30. Ra2 Qb4 31. Kf1 Rf4 32. Qd3 Rd4 33. Qe3 Rff4 34. Rxd4 Rxd4 35. g3 Rd1+ 36. Kg2 Qb7+ 37. f3 Rb1 38. Rxa5 Rxb3 39. Ra8+ Qxa8 40. Qxb3 Qc6 41. Qb5 Qc7 42. g4 Qe7 43. Qd5 Kg7 44. Kg3 Qf6 45. Qb7+ Kg8 46. Qe4 g5 47. Kf2 Kg7 48. Qb7+ Kg8 49. Qc6 Kf7 50. Qd5+ Kg7 51. Ke2 Qf4 52. Kd3 Qc1 53. Ke2 Qc2+ 54. Ke3 Qc1+ 55. Kf2 Qb2+ 56. Kg3 Qb6 1/2-1/2

[Event "Creon op 12th"]
[Site "Creon"]
[Date "2007.08.05"]
[Round "9"]
[White "Ballan, Guillaume"]
[Black "Maupin, Jean Paul"]
[Result "1/2-1/2"]
[WhiteElo "1917"]
[BlackElo "2089"]
[PlyCount "82"]
[EventDate "2007.07.30"]
[EventType "swiss"]
[EventRounds "9"]
[EventCountry "FRA"]
[SourceTitle "CBM 119 Extra"]
[Source "ChessBase"]
[SourceDate "2007.09.04"]
[SourceVersion "1"]
[SourceVersionDate "2007.09.04"]
[SourceQuality "1"]

1. e4 c6 2. d4 d5 3. Nc3 dxe4 4. Nxe4 Nd7 5. Nf3 Ngf6 6. Nxf6+ Nxf6 7. Bd3 Bg4 8. c3 e6 9. h3 Bh5 10. Bf4 Qd5 11. Be2 Qe4 12. Be3 Nd5 13. Qd2 Nxe3 14. Qxe3 Qd5 15. 0-0 Be7 16. Ne5 Bxe2 17. Qxe2 0-0 18. b3 Rfd8 19. Rad1 Bf8 20. Rd3 f6 21. Ng4 Re8 22. Rg3 Kh8 23. Re3 c5 24. Re1 cxd4 25. cxd4 Rad8 26. Rxe6 Rxe6 27. Qxe6 Qxe6 28. Rxe6 Rxd4 29. Kf1 Kg8 30. Re2 Kf7 31. Rc2 Rd7 32. Ne3 b6 33. Nc4 Bb4 34. Ke2 b5 35. Nb2 g6 36. Nd3 Bf8 37. Rc6 h5 38. Ra6 Re7+ 39. Kd1 Rd7 40. Ke2 Re7+ 41. Kd1 Rd7 1/2-1/2

[Event "Creon op 12th"]
[Site "Creon"]
[Date "2007.08.02"]
[Round "5"]
[White "Sandu, Mihaela"]
[Black "Maupin, Jean Paul"]
[Result "1-0"]
[WhiteElo "2271"]
[BlackElo "2089"]
[PlyCount "91"]
[EventDate "2007.07.30"]
[EventType "swiss"]
[EventRounds "9"]
[EventCountry "FRA"]
[SourceTitle "CBM 119 Extra"]
[Source "ChessBase"]
[SourceDate "2007.09.04"]
[SourceVersion "1"]
[SourceVersionDate "2007.09.04"]
[SourceQuality "1"]

1. e4 c5 2. Nf3 e6 3. d4 cxd4 4. Nxd4 Nf6 5. Nc3 Nc6 6. Ndb5 Bb4 7. a3 Bxc3+ 8. Nxc3 d5 9. exd5 exd5 10. Bd3 0-0 11. 0-0 d4 12. Ne2 Bg4 13. f3 Bh5 14. Nf4 Bg6 15. Nxg6 hxg6 16. f4 Ne7 17. Re1 Re8 18. Bd2 Qb6 19. Qf3 Nc6 20. b4 Rad8 21. Kh1 a6 22. g4 Qc7 23. g5 Nd7 24. Re4 Nf8 25. Rae1 Rxe4 26. Qxe4 Rd7 27. f5 Re7 28. Qh4 Rxe1+ 29. Bxe1 gxf5 30. Bxf5 Qe5 31. Qe4 Qxe4+ 32. Bxe4 g6 33. a4 Ne6 34. h4 Kf8 35. b5 axb5 36. axb5 Ncd8 37. Ba5 Ke7 38. Kg2 Kd6 39. Bxd8 Nxd8 40. Kf3 Kc5 41. Bd3 Kd5 42. b6 Kc5 43. Ke4 Nc6 44. Be2 Ne7 45. Ke5 Nc8 46. Kf6 1-0

[Event "Creon op 12th"]
[Site "Creon"]
[Date "2007.07.31"]
[Round "2"]
[White "Maupin, Jean Paul"]
[Black "Nguyen, Chi Minh"]
[Result "0-1"]
[WhiteElo "2089"]
[BlackElo "2377"]
[PlyCount "60"]
[EventDate "2007.07.30"]
[EventType "swiss"]
[EventRounds "9"]
[EventCountry "FRA"]
[SourceTitle "CBM 119 Extra"]
[Source "ChessBase"]
[SourceDate "2007.09.04"]
[SourceVersion "1"]
[SourceVersionDate "2007.09.04"]
[SourceQuality "1"]

1. e4 e6 2. d4 d5 3. e5 c5 4. c3 Nc6 5. Nf3 Bd7 6. a3 f6 7. Bd3 Qc7 8. 0-0 0-0-0 9. Re1 h6 10. Nbd2 fxe5 11. Nxe5 Nxe5 12. dxe5 c4 13. Bc2 g5 14. Nf3 Ne7 15. Be3 Nc6 16. Bd4 Be7 17. Nd2 Nxd4 18. cxd4 Qb6 19. Nf1 Qxb2 20. a4 Qb6 21. a5 Qc7 22. Qb1 Rdf8 23. Ne3 Rf4 24. Rd1 Rhf8 25. f3 Rxd4 26. Rxd4 Qxe5 27. Rd1 Qxe3+ 28. Kh1 Bd6 29. Qc1 Qe5 30. g3 Rxf3 0-1

[Event "FRA-chT2 West 0607"]
[Site "France"]
[Date "2007.01.21"]
[Round "6.3"]
[White "Maupin, Jean Paul"]
[Black "Le Huec, Marc"]
[Result "1/2-1/2"]
[WhiteElo "2126"]
[BlackElo "2222"]
[PlyCount "122"]
[EventDate "2006.10.15"]
[EventType "team"]
[EventRounds "11"]
[EventCountry "FRA"]
[SourceTitle "EXT 2008"]
[Source "ChessBase"]
[SourceDate "2007.11.25"]
[SourceVersion "1"]
[SourceVersionDate "2007.11.25"]
[SourceQuality "1"]
[WhiteTeam "Agneaux Saint Lo"]
[BlackTeam "Bordeaux ASPOM"]
[WhiteTeamCountry "FRA"]
[BlackTeamCountry "FRA"]

1. e4 c5 2. Nf3 d6 3. d4 cxd4 4. Nxd4 Nf6 5. Nc3 g6 6. Be3 Bg7 7. Be2 0-0 8. f4 Nc6 9. Nb3 a5 10. a4 Be6 11. 0-0 Nb4 12. Nd4 Bd7 13. Bf3 Bc6 14. Rf2 e6 15. Rd2 d5 16. exd5 exd5 17. Ndb5 Qb8 18. Qf1 Re8 19. Re1 Bf8 20. Kh1 Qc8 21. Bd4 Rxe1 22. Qxe1 Qf5 23. Nc7 Rc8 24. Bxf6 Qxf6 25. N7xd5 Nxd5 26. Bxd5 Re8 27. Qf1 Bb4 28. Ne4 Qg7 29. c3 Bxd5 30. Rxd5 Rxe4 31. cxb4 Qxb2 32. Rxa5 Qxb4 33. Re5 Qxa4 34. Qb1 Rxe5 35. fxe5 Qd4 36. h3 b6 37. Qb5 Qc5 38. Qe8+ Kg7 39. Qd8 Qc6 40. Qd4 Qe6 41. Qb4 h5 42. Qb5 g5 43. Qb4 g4 44. hxg4 hxg4 45. Qc3 Kg6 46. Qd3+ Kg5 47. Qd8+ Kf5 48. Qd3+ Kxe5 49. Qe3+ Kf5 50. Qd3+ Kg5 51. Qd2+ Kh5 52. Qc3 f6 53. Kg1 Qe5 54. Qd2 g3 55. Qd1+ Kh4 56. Qa4+ Kg5 57. Qd1 b5 58. Kh1 b4 59. Qd2+ Kh5 60. Qd1+ Kh4 61. Qd4+ Qxd4 1/2-1/2

[Event "Creon op 11th"]
[Site "Creon"]
[Date "2006.08.03"]
[Round "6"]
[White "Maupin, Jean Paul"]
[Black "Sanduleac, Vasile"]
[Result "0-1"]
[WhiteElo "2079"]
[BlackElo "2519"]
[PlyCount "52"]
[EventDate "2006.07.31"]
[EventType "swiss"]
[EventRounds "9"]
[EventCountry "FRA"]
[SourceTitle "CBM 113 Extra"]
[Source "ChessBase"]
[SourceDate "2006.09.14"]
[SourceVersion "1"]
[SourceVersionDate "2006.09.14"]
[SourceQuality "1"]

1. e4 g6 2. d4 Bg7 3. Nc3 c6 4. Nf3 d5 5. h3 dxe4 6. Nxe4 Bf5 7. Ng3 Be6 8. c3 Bd5 9. Bd3 Nf6 10. 0-0 Bxf3 11. Qxf3 0-0 12. Re1 Nbd7 13. Bf4 Re8 14. Re2 e6 15. Rae1 Nd5 16. Ne4 Nxf4 17. Qxf4 Nf6 18. Nxf6+ Bxf6 19. Bc4 Kg7 20. Bb3 b5 21. Re4 a5 22. a3 Rb8 23. R1e2 Rb7 24. Re1 Qb8 25. d5 cxd5 26. Bxd5 exd5 0-1

[Event "FRA-chT2A 0506"]
[Site "France"]
[Date "2006.04.02"]
[Round "11.2"]
[White "Maupin, Jean Paul"]
[Black "Saucey, Michel"]
[Result "1/2-1/2"]
[WhiteElo "2082"]
[BlackElo "2318"]
[PlyCount "43"]
[EventDate "2005.10.27"]
[EventType "team-tourn"]
[EventRounds "11"]
[EventCountry "FRA"]
[SourceTitle "EXT 2006"]
[Source "ChessBase"]
[SourceDate "2005.11.24"]
[SourceVersion "1"]
[SourceVersionDate "2005.11.24"]
[SourceQuality "1"]
[WhiteTeam "Saint Lo"]
[BlackTeam "Clermont Ferrand"]
[WhiteTeamCountry "FRA"]
[BlackTeamCountry "FRA"]

1. e4 c5 2. Nf3 Nc6 3. d4 cxd4 4. Nxd4 g6 5. Be3 Bg7 6. Nc3 Nf6 7. Be2 0-0 8. Nb3 a5 9. a4 Nb4 10. 0-0 d5 11. exd5 Nfxd5 12. Nxd5 Nxd5 13. Bd4 Nf4 14. Bf3 Qc7 15. Bxg7 Kxg7 16. Qd4+ e5 17. Qc5 Qxc5 18. Nxc5 Ra7 19. Rfd1 b6 20. Nd3 Nxd3 21. Rxd3 Bf5 22. Rd2 1/2-1/2

[Event "FRA-chT2A 0506"]
[Site "France"]
[Date "2005.12.04"]
[Round "4.2"]
[White "Maupin, Jean Paul"]
[Black "Valuet, Bertrand"]
[Result "0-1"]
[WhiteElo "2082"]
[BlackElo "2296"]
[PlyCount "54"]
[EventDate "2005.10.27"]
[EventType "team-tourn"]
[EventRounds "11"]
[EventCountry "FRA"]
[SourceTitle "EXT 2006"]
[Source "ChessBase"]
[SourceDate "2005.11.24"]
[SourceVersion "1"]
[SourceVersionDate "2005.11.24"]
[SourceQuality "1"]
[WhiteTeam "Saint Lo"]
[BlackTeam "Evry III"]
[WhiteTeamCountry "FRA"]
[BlackTeamCountry "FRA"]

1. e4 e6 2. d4 d5 3. Nd2 c5 4. exd5 exd5 5. Bb5+ Bd7 6. Qe2+ Be7 7. dxc5 Nf6 8. Nb3 0-0 9. Be3 Re8 10. Nf3 Bxc5 11. Nxc5 Qa5+ 12. Qd2 Qxb5 13. 0-0-0 Bg4 14. h3 Bh5 15. g4 Bg6 16. Nh4 Na6 17. Nxg6 Nxc5 18. Nf4 Rad8 19. Bxc5 Qxc5 20. Qd4 Qa5 21. Nh5 Nxh5 22. gxh5 Re4 23. Qc3 Qxa2 24. Rdg1 d4 25. Qg3 g6 26. Qg5 Rde8 27. Qb5 Re2 0-1

[Event "Agneaux St Lo op 09th"]
[Site "Agneaux"]
[Date "2005.02.17"]
[Round "2"]
[White "Both, Erik"]
[Black "Maupin, Jean Paul"]
[Result "1-0"]
[WhiteElo "2228"]
[BlackElo "2093"]
[PlyCount "55"]
[EventDate "2005.02.16"]
[EventType "swiss"]
[EventRounds "6"]
[EventCountry "FRA"]
[SourceTitle "EXT 2006"]
[Source "ChessBase"]
[SourceDate "2005.11.24"]
[SourceVersion "1"]
[SourceVersionDate "2005.11.24"]
[SourceQuality "1"]

1. e4 c5 2. Nf3 e6 3. c3 Nc6 4. Bd3 Nf6 5. 0-0 Be7 6. Qe2 d6 7. Bc2 0-0 8. d4 cxd4 9. cxd4 Nb4 10. Bb3 d5 11. e5 Ne4 12. Nc3 f5 13. exf6 Nxf6 14. Bg5 Nc6 15. Rfe1 a6 16. Rad1 Qc7 17. Bc2 Bd7 18. Ne5 Bc8 19. a3 Bd6 20. f4 Qb6 21. Bxf6 Nxd4 22. Bxh7+ Kxh7 23. Qh5+ Kg8 24. Nc4 Nf3+ 25. Kh1 dxc4 26. Bxg7 Nh4 27. Bxf8 Bxf8 28. Qxh4 1-0

[Event "Plzen op-A 9th"]
[Site "Plzen"]
[Date "2003.08.23"]
[Round "8"]
[White "Maupin, Jean Paul"]
[Black "Studnicka, Tomas"]
[Result "0-1"]
[WhiteElo "2040"]
[BlackElo "2282"]
[PlyCount "100"]
[EventDate "2003.08.16"]
[EventType "swiss"]
[EventRounds "9"]
[EventCountry "CZE"]
[SourceTitle "CBM 095 Extra"]
[Source "ChessBase"]
[SourceDate "2003.09.04"]
[SourceVersion "1"]
[SourceVersionDate "2003.09.04"]
[SourceQuality "1"]

1. e4 e5 2. Nf3 Nf6 3. Nxe5 d6 4. Nf3 Nxe4 5. Qe2 Qe7 6. d3 Nf6 7. Bg5 Qxe2+ 8. Bxe2 Be7 9. Nc3 Nbd7 10. 0-0-0 Nf8 11. Ne4 Nxe4 12. dxe4 Bxg5+ 13. Nxg5 Ng6 14. g3 h6 15. Nf3 Bd7 16. Nd4 0-0-0 17. f4 h5 18. h4 Ne7 19. Bc4 Rhf8 20. Rhe1 g6 21. Rd3 a6 22. Rde3 Rde8 23. Bb3 c5 24. Nf3 b5 25. c4 Be6 26. cxb5 axb5 27. Rd1 Kc7 28. Bxe6 fxe6 29. Red3 Nc8 30. Ng5 Re7 31. Kc2 Rd8 32. Nf3 Rde8 33. Rb3 Na7 34. Rbd3 Nc6 35. a3 e5 36. Re1 exf4 37. gxf4 Rf8 38. Ng5 Ree8 39. Rf1 Nd4+ 40. Kd2 Kc6 41. Rg3 Rf6 42. Rg2 b4 43. axb4 Rb8 44. Nh7 Rf7 45. Ng5 Ra7 46. f5 gxf5 47. exf5 Rxb4 48. Ke3 Re7+ 49. Kf4 Ne2+ 50. Kf3 Rf4# 0-1

[Event "Plzen op-A 9th"]
[Site "Plzen"]
[Date "2003.08.18"]
[Round "3"]
[White "Volodin, Viktor Nikolaevich"]
[Black "Maupin, Jean Paul"]
[Result "1-0"]
[WhiteElo "2283"]
[BlackElo "2040"]
[PlyCount "100"]
[EventDate "2003.08.16"]
[EventType "swiss"]
[EventRounds "9"]
[EventCountry "CZE"]
[SourceTitle "CBM 095 Extra"]
[Source "ChessBase"]
[SourceDate "2003.09.04"]
[SourceVersion "1"]
[SourceVersionDate "2003.09.04"]
[SourceQuality "1"]

1. Nf3 f5 2. c4 Nf6 3. g3 g6 4. Bg2 Bg7 5. d4 0-0 6. 0-0 d6 7. Nc3 Qe8 8. d5 c6 9. Nd4 Bd7 10. Rb1 Na6 11. b4 Nxb4 12. Rxb4 c5 13. Rxb7 cxd4 14. Nb5 Qc8 15. Rc7 Qb8 16. Rxd7 Nxd7 17. Nxd4 Bxd4 18. Qxd4 Qb6 19. Qh4 Rf7 20. Be3 Qb2 21. c5 Qxa2 22. c6 Nb6 23. Qb4 Qa6 24. Bd4 Qc8 25. Ra1 Rb8 26. Qa5 Qc7 27. Qxa7 e5 28. Qxc7 Rxc7 29. Bxe5 dxe5 30. d6 Rg7 31. Rb1 Rd8 32. Rxb6 Rxd6 33. Rb8+ Kf7 34. c7 Rd1+ 35. Bf1 Rc1 36. c8Q Rxc8 37. Rxc8 Kf6 38. Rc6+ Kg5 39. h4+ Kh5 40. e3 Re7 41. Be2+ Kh6 42. Kg2 f4 43. g4 fxe3 44. fxe3 Kg7 45. Rb6 Kh6 46. g5+ Kg7 47. Kg3 Re8 48. Rb7+ Kh8 49. Rc7 Re6 50. Rc8+ Kg7 1-0

[Event "Creon op 8th"]
[Site "Creon"]
[Date "2003.08.02"]
[Round "8"]
[White "Sorbe, Stephane"]
[Black "Maupin, Jean Paul"]
[Result "1-0"]
[WhiteElo "2258"]
[BlackElo "2040"]
[PlyCount "79"]
[EventDate "2003.07.28"]
[EventType "swiss"]
[EventRounds "9"]
[EventCountry "FRA"]
[SourceTitle "CBM 095 Extra"]
[Source "ChessBase"]
[SourceDate "2003.09.04"]
[SourceVersion "1"]
[SourceVersionDate "2003.09.04"]
[SourceQuality "1"]

1. e4 d5 2. exd5 Qxd5 3. Nc3 Qa5 4. d4 Nf6 5. Bc4 Bg4 6. f3 Bf5 7. Bd2 c6 8. Qe2 e6 9. Nd5 Qd8 10. Nxf6+ gxf6 11. 0-0-0 Qc7 12. g4 Bg6 13. Nh3 Bd6 14. Rde1 Nd7 15. f4 0-0-0 16. Qf2 f5 17. g5 c5 18. d5 e5 19. Bb5 e4 20. Bxd7+ Rxd7 21. Ng1 h6 22. gxh6 Rxh6 23. Ne2 Be7 24. c4 Bh4 25. Ng3 Bf6 26. Qe3 Bd4 27. Qa3 a6 28. Ne2 Rh4 29. Kb1 Bh5 30. Qg3 Bxe2 31. Rxe2 Rg4 32. Qh3 Rd8 33. Rxe4 Rh8 34. Qf3 Rhg8 35. Re2 Qb6 36. Bc1 Rg1 37. Rxg1 Rxg1 38. Rg2 Re1 39. Qg3 Qf6 40. Qxe1 1-0

[Event "Bethune op-A 23th"]
[Site "Bethune"]
[Date "2002.12.26"]
[Round "1"]
[White "Gharamian, Tigran"]
[Black "Maupin, Jean Paul"]
[Result "1-0"]
[WhiteElo "2239"]
[BlackElo "2041"]
[PlyCount "117"]
[EventDate "2002.12.26"]
[EventType "swiss"]
[EventRounds "7"]
[EventCountry "FRA"]
[SourceTitle "CBM 091 Extra"]
[Source "ChessBase"]
[SourceDate "2003.01.09"]
[SourceVersion "1"]
[SourceVersionDate "2003.01.09"]
[SourceQuality "1"]

1. e4 c5 2. Nc3 e6 3. Nge2 Nc6 4. g3 Nf6 5. Bg2 d5 6. exd5 exd5 7. d4 cxd4 8. Nxd4 Bb4 9. Qe2+ Be7 10. Be3 0-0 11. 0-0 Bg4 12. f3 Bd7 13. Qf2 Rc8 14. Nxc6 bxc6 15. Na4 Qa5 16. Bc5 Rfe8 17. b3 Bxc5 18. Qxc5 Qxc5+ 19. Nxc5 Bf5 20. c3 Re3 21. g4 Bg6 22. Rac1 h6 23. Rfe1 Rxe1+ 24. Rxe1 Re8 25. Kf2 Rxe1 26. Kxe1 Kf8 27. Kd2 Ke7 28. Ke3 Ne8 29. f4 f6 30. Kd4 Nd6 31. a4 Bc2 32. Bf3 Bg6 33. b4 Bf7 34. Be2 Bg6 35. Ba6 Bc2 36. Be2 Bg6 37. h3 Bc2 38. Ba6 Bg6 39. Bb7 Be8 40. Ba6 Bg6 41. Bf1 Be8 42. Nb3 Bd7 43. f5 Be8 44. Na5 Kd8 45. Bd3 Kc7 46. Kc5 Nf7 47. c4 Ne5 48. Bf1 Bf7 49. Kd4 dxc4 50. Bxc4 Bxc4 51. Nxc4 Nf3+ 52. Ke3 Ng5 53. h4 Nf7 54. Ke4 Kd7 55. Kd4 Nd8 56. Ke4 Nf7 57. Ke3 Nd8 58. Kd4 Nf7 59. Kc5 1-0

[Event "Plancoet op 2nd"]
[Site "Plancoet"]
[Date "2002.07.31"]
[Round "6.11"]
[White "Maupin, Jean Paul"]
[Black "Hocher, Eugene"]
[Result "1-0"]
[WhiteElo "2051"]
[BlackElo "1900"]
[PlyCount "59"]
[EventDate "2002.07.23"]
[EventType "swiss"]
[EventRounds "9"]
[EventCountry "FRA"]
[SourceTitle "EXT 2003"]
[Source "ChessBase"]
[SourceDate "2002.11.25"]
[SourceVersion "1"]
[SourceVersionDate "2002.11.25"]
[SourceQuality "1"]

1. e4 e6 2. d4 d5 3. Nd2 Nf6 4. e5 Nfd7 5. f4 c5 6. c3 Nc6 7. Ndf3 Be7 8. h4 Qb6 9. Kf2 h6 10. h5 f6 11. Kg3 c4 12. Qc2 f5 13. Ne2 Nf8 14. Kh2 Qd8 15. Rg1 g5 16. g4 fxg4 17. Rxg4 Rg8 18. Bh3 Rg7 19. Be3 Bd7 20. Rag1 Nh7 21. fxg5 Nxg5 22. Nxg5 Bxg5 23. Bxg5 Qa5 24. Bd8 Kxd8 25. Rxg7 Kc7 26. Bxe6 Rd8 27. Qh7 Nb8 28. Bxd7 Kb6 29. R1g6+ Nc6 30. Bxc6 1-0

[Event "FRA-chT2"]
[Site "France"]
[Date "2002.02.??"]
[Round "7"]
[White "Velikov, Petar"]
[Black "Maupin, Jean Paul"]
[Result "1-0"]
[WhiteElo "2422"]
[BlackElo "2063"]
[PlyCount "69"]
[EventDate "2002.??.??"]
[EventType "team"]
[EventRounds "11"]
[EventCountry "FRA"]
[SourceTitle "EXT 2003"]
[Source "ChessBase"]
[SourceDate "2002.11.25"]
[SourceVersion "1"]
[SourceVersionDate "2002.11.25"]
[SourceQuality "1"]

1. c4 Nf6 2. g3 e6 3. Bg2 d5 4. Nf3 Be7 5. 0-0 Nbd7 6. b3 c6 7. Bb2 0-0 8. Qc2 b6 9. d3 Bb7 10. e4 Kh8 11. Re1 Ng8 12. Nc3 dxc4 13. dxc4 e5 14. Nd1 Qc7 15. Ne3 Nh6 16. Nf5 Nxf5 17. exf5 f6 18. h4 Rad8 19. h5 Nc5 20. Re3 Qd7 21. Bc3 Bc8 22. Nh4 Nd3 23. Rd1 Nb4 24. Rxd7 Nxc2 25. Rxe7 Nxe3 26. fxe3 Rd3 27. Be1 Rd1 28. Kf2 a5 29. Bxc6 Ra1 30. a4 Ra2+ 31. Kf3 Rb2 32. Bd5 Rxb3 33. h6 gxh6 34. Ng6+ hxg6 35. fxg6 1-0

[Event "Nereto op"]
[Site "Nereto"]
[Date "2002.??.??"]
[Round "8"]
[White "Profumo, Alberto"]
[Black "Maupin, Jean Paul"]
[Result "1-0"]
[WhiteElo "2253"]
[BlackElo "2063"]
[PlyCount "69"]
[EventDate "2002.??.??"]
[EventType "swiss"]
[EventRounds "9"]
[EventCountry "ITA"]
[SourceTitle "EXT 2003"]
[Source "ChessBase"]
[SourceDate "2002.11.25"]
[SourceVersion "1"]
[SourceVersionDate "2002.11.25"]
[SourceQuality "1"]

1. Nf3 Nf6 2. g3 b6 3. Bg2 Bb7 4. c4 e6 5. 0-0 Be7 6. d4 0-0 7. Nc3 Ne4 8. Qc2 Nxc3 9. Qxc3 Be4 10. Bf4 d6 11. Qe3 Bb7 12. Qd3 f5 13. Rfe1 Bf6 14. Rad1 Nd7 15. Nh4 Bxg2 16. Nxg2 g5 17. Bc1 Bg7 18. f4 g4 19. e4 Rc8 20. exf5 exf5 21. Ne3 Qf6 22. Nd5 Qf7 23. Re7 Qh5 24. Rxd7 Rce8 25. Nxc7 Re4 26. Be3 Rf6 27. Nd5 Rh6 28. Qd2 Qe8 29. Rxa7 Kf8 30. Nc7 Qh5 31. Ra3 Qf7 32. Nd5 Qe6 33. Ra8+ Kf7 34. Ra7+ Kf8 35. Re7 1-0

[Event "FRA-chT2"]
[Site "France"]
[Date "2001.12.??"]
[Round "4"]
[White "Maupin, Jean Paul"]
[Black "Valette, Christian"]
[Result "0-1"]
[WhiteElo "2063"]
[BlackElo "2171"]
[PlyCount "64"]
[EventDate "2002.??.??"]
[EventType "team"]
[EventRounds "11"]
[EventCountry "FRA"]
[SourceTitle "EXT 2003"]
[Source "ChessBase"]
[SourceDate "2002.11.25"]
[SourceVersion "1"]
[SourceVersionDate "2002.11.25"]
[SourceQuality "1"]

1. e4 e6 2. d4 d5 3. Nd2 Nf6 4. e5 Nfd7 5. f4 c5 6. c3 Nc6 7. Ndf3 cxd4 8. cxd4 Nb6 9. Bd3 Be7 10. h4 h5 11. Ne2 Bd7 12. Kf2 a5 13. Qg1 Nb4 14. Bb1 Bb5 15. g4 hxg4 16. Qxg4 Nd3+ 17. Bxd3 Bxd3 18. Qxg7 Kd7 19. Ng5 Qe8 20. Qxf7 Qxf7 21. Nxf7 Bxh4+ 22. Kf1 Rh5 23. Be3 Rf8 24. Nd6 Nc4 25. Nxc4 Bxc4 26. b3 Bd3 27. Rd1 Ba6 28. Rg1 Be7 29. Rd2 Rh3 30. Kf2 Bh4+ 31. Ng3 Rg8 32. Kf3 Rhxg3+ 0-1

[Event "FRA-chT3 01"]
[Site "France"]
[Date "2001.03.11"]
[Round "7"]
[White "Gosselin, David"]
[Black "Maupin, Jean Paul"]
[Result "1-0"]
[WhiteElo "1980"]
[BlackElo "2087"]
[PlyCount "129"]
[EventDate "2001.??.??"]
[EventType "team"]
[EventRounds "9"]
[EventCountry "FRA"]
[SourceTitle "EXT 2002"]
[Source "ChessBase"]
[SourceDate "2001.11.25"]
[SourceVersion "1"]
[SourceVersionDate "2001.11.25"]
[SourceQuality "1"]
[WhiteTeam "Equeurdreville"]
[BlackTeam "Agneaux Saint Lo"]
[WhiteTeamCountry "FRA"]
[BlackTeamCountry "FRA"]

1. Nf3 d5 2. b3 Nf6 3. Bb2 Nc6 4. e3 Bg4 5. Be2 e6 6. 0-0 Bd6 7. c4 Bxf3 8. Bxf3 Ne5 9. Be2 dxc4 10. bxc4 Ned7 11. d4 c6 12. Nd2 e5 13. Nf3 e4 14. Ne5 Qe7 15. c5 Bxe5 16. dxe5 Nxe5 17. Qd4 Ng6 18. Qb4 Nd5 19. Qd4 Nf6 20. Qb4 0-0 21. Bd4 b5 22. Qa5 Nd5 23. a4 bxa4 24. Qxa4 Qe6 25. Bc4 Nh4 26. Be2 Qg6 27. g3 Rfe8 28. Rab1 Re6 29. Qxa7 Ree8 30. Qd7 Nf3+ 31. Kg2 Nd2 32. Ra1 Nxf1 33. Bxf1 Rad8 34. Qb7 Rb8 35. Qa7 Qg4 36. Kg1 Qe6 37. Bc4 Rbd8 38. Ra6 Qe7 39. Qxe7 Nxe7 40. Ra7 Rb8 41. Be5 Rb1+ 42. Kg2 Rd1 43. Bd6 Nd5 44. Be2 Rd2 45. Kf1 Rc2 46. Bg4 Nf6 47. Bd1 Rc1 48. Ke2 Rb1 49. Kd2 Rb2+ 50. Bc2 Nd5 51. Kc1 Rb4 52. Ba4 Nf6 53. Bxc6 Rc8 54. Bb7 Re8 55. c6 Rc4+ 56. Kb2 Nd5 57. Ra5 Nb6 58. Rb5 Nc8 59. Bxc8 Rxc8 60. c7 Ra4 61. Rb8 Ra8 62. Kc3 Raxb8 63. Kd4 Rb6 64. Kc5 Rb2 65. Kc6 1-0

[Event "FRA-chT3 01"]
[Site "France"]
[Date "2000.11.26"]
[Round "2"]
[White "Le Bailly, Baptiste"]
[Black "Maupin, Jean Paul"]
[Result "0-1"]
[WhiteElo "2090"]
[BlackElo "2108"]
[PlyCount "40"]
[EventDate "2001.??.??"]
[EventType "team"]
[EventRounds "9"]
[EventCountry "FRA"]
[SourceTitle "EXT 2002"]
[Source "ChessBase"]
[SourceDate "2001.11.25"]
[SourceVersion "1"]
[SourceVersionDate "2001.11.25"]
[SourceQuality "1"]
[WhiteTeam "Guingamp"]
[BlackTeam "Agneaux Saint Lo"]
[WhiteTeamCountry "FRA"]
[BlackTeamCountry "FRA"]

1. e4 c5 2. Nf3 e6 3. d4 cxd4 4. Nxd4 Nf6 5. Bd3 Nc6 6. Nxc6 bxc6 7. 0-0 d5 8. e5 Nd7 9. Qe1 Qb6 10. Nd2 Ba6 11. Bxa6 Qxa6 12. Nb3 Be7 13. c3 0-0 14. f4 Rab8 15. f5 Rxb3 16. axb3 Qxa1 17. b4 exf5 18. Qg3 Bd8 19. Be3 Qa6 20. Bh6 Bb6+ 0-1